Umelec nemôže byť spokojný, to by bol začiatok jeho konca svojho času Petrovi Nagyovi pred hotelovou izbou na koberci spali tri-štyri dievčatá a čakali čo bude

Bibliographic Details
Main Author: Kiraľvargová, Dáša (Author)
Format: Article
Language:Slovak
PhysicalDescription:Obr.
ISSN:1336-5320
Subjects:
Online Access:www.korzar.sk

MARC

LEADER 00000nab a2200000 a 4500
001 vtls009157911
003 SK-MaSNL
005 20260303044112.0
008 071109 2007 xo r r 000 0 slo
038 |a KEVKJB 
040 |a KEVKJB  |b slo  |c KEVKJB  |e AACR2 
041 0 |a slo 
044 |a xo  |c SK 
080 |a 78.071.1/.2  |2 2001 
080 |a 929 Nagy, Peter  |2 2001 
100 1 |a Kiraľvargová, Dáša  |4 aut  |9 872583 
245 1 0 |a Umelec nemôže byť spokojný, to by bol začiatok jeho konca  |b svojho času Petrovi Nagyovi pred hotelovou izbou na koberci spali tri-štyri dievčatá a čakali čo bude  |c Dáša Kiraľvargová 
300 |b Obr. 
600 1 7 |a Nagy, Peter,  |d 1959-  |2 kevkjb  |9 98857 
650 0 7 |a hosťovanie  |z Košice (Slovensko)  |2 kevkjb  |9 1027202 
651 7 |a Košice (Slovensko)  |2 kevkjb  |9 18694 
773 0 |t Košický večer  |g Roč. 18(39), č. 45 (9.11.2007), s. 9  |x 1336-5320 
852 |a KEVKJB  |b KIS3GCP 
856 4 1 |u www.korzar.sk 
958 |a BX 
999 |c 1699256  |d 1701186